000 00413nam a2200181Ia 4500
001 17427
005 20260306171516.0
008 260306s9999||||xx |||||||||||||| ||und||
041 _aESP
082 _a658
_bB141 V. 8
100 _aGallo, M. A.
_eAUT
245 0 _aLa empresa familiar
260 _c1996
300 _apáginas 100 :
_c25 cm.
650 _aGEN
654 _aCAN
942 _cLIB
_dJUS
_fJUS
_2ddc
_n
999 _c17427
_d17427